Countries in the trillion dollar club - Statistics

General Stats
  • This quiz has been taken 164 times
  • The average score is 15 of 16
Answer Stats
Economy (US$) Country % Correct
12 237 7000 China
99%
2 622 434 United Kingdom
99%
19 390 604 USA
99%
4 872 137 Japan
98%
1 530 751 Russia
98%
1 311 320 Spain
96%
2 055 506 Brazil
95%
2 582 501 France
95%
3 677 439 Germany
95%
1 149 919 Mexico
95%
1 653 043 Canada
93%
2 597 491 India
93%
1 934 798 Italy
92%
1 577 524 South Korea
90%
1 323 421 Australia
89%
1 015 539 Indonesia
82%
No matching quizzes found
Score Distribution
Percent of People with Each Score
Percentile by Number Answered
Your Score History
You have not taken this quiz